000 00705nam a2200253 a 4500
999 _c10308
_d10308
001 10308
003 BD-JhCC
005 20220307134020.0
008 180423s2016 bg a|||| |||| 000 0 mul d
020 _a9789848471425
035 _a(BD-JhCC)10308
040 _aBD-JhCC
_dBD-JhCC
041 _aeng and arabic
082 _a297.124
_bKAN 2016
100 _aKandemir, Dr. M. Yasar
245 _a40 Hadiths :
_bFor Children With Stories /
_c Dr. M. Yasar Kandemir,
260 _aDhaka :
_bBangladesh Institute of Islamic Thought (BIIT),
_c2016.
300 _a104 p. :
_bill. ;
_c21 cm.
650 _aHadith
650 _aIslam
650 _aCollection of hadith
942 _2ddc
_cBK
_04